000 02745nam0a2200481 4500
001 RU\NLR\BIBL_A\011953250
005 20260407104020.0
020 _aRU
_9Ленинград в Великой Отечественной войне. Коллекция. Афиши
035 _a(NLR Aleph) 011953250
090 _a11161051
_c11161051
100 _a20190306d1943 u y0rusy50 ca
101 0 _arus
102 _aRU
105 _ay z 000zy
135 _acrcn 024anaba
200 1 _aВоскресенье 29 августа Концерт Ансамбля Песни и Пляски войск НКВД Ленинградского фронта
_eхудожественный руководитель А.В. Михайлов
_e[афиша]
_fДом культуры ВЦСПС им. М. Горького. Главный зал
210 _a[Ленинград]
_cБИ 963 ЛТ УН-10
_d[1943]
215 _a1 л.
_d36х53
300 _aБилеты продаются в кассе театра ДК им. М. Горького с 11 ч. до 20 ч. Начало в 19 час.
300 _aЗак. 4314
325 _aКопия доступна в Электрон. б-ке РНБ
606 1 _aТеатральная жизнь
_jАфиши
_yЛенинград, город
_z1941 - 1944
_92398624
_3RU\NLR\AUTH\6601649837
686 _aЩ333(2Р=Рус)7- 692Ленинград
702 1 _4005
_8rus
_7ca
_aМихайлов
_bА.В.
_cхормейстер
_f1914-1983
_gАвенир Васильевич
_3RU\NLR\AUTH\7724764
_97814
710 0 2 _aАнсамбль песни и пляски войск НКВД Ленинградского фронта
_9652931
_3RU\NLR\AUTH\880496510
712 0 2 _4570
_aДворец культуры им. М. Горького
_cЛенинград
_3RU\NLR\AUTH\889933159
_9361501
852 _aNLR
_jЛ3-330а/21/3/1943-авг.
856 0 _uhttp://vivaldi.nlr.ru/ll000010613/view
856 1 _uhttp://vivaldi.nlr.ru/ll000010613/cover
856 2 _uhttp://vivaldi.nlr.ru/ll000010613/text
942 _cVISUAL
945 _aРоссийская национальная библиотека
980 _aNB
980 _aBV
980 3 _akplen
980 3 _akp
981 3 7 _a(37) Ленинград в Великой Отечественной войне
_b(37) Афиши блокадного Ленинграда